[Event "Titled Tuesday intern op 29th Nov Early"]
[Site "Chess.com INT"]
[Date "2022.11.29"]
[Round "3"]
[White "Szabo, Marton Mihaly"]
[Black "Devaev, Alexander"]
[Result "1-0"]
[WhiteElo "2268"]
[BlackElo "2325"]
[PlyCount "131"]
[EventDate "2022.11.29"]
[EventType "swiss (blitz)"]
[EventRounds "11"]
[EventCountry "USA"]
[SourceTitle "EXT 2024"]
[Source "ChessBase"]
[SourceDate "2023.10.10"]
[SourceVersion "1"]
[SourceVersionDate "2023.10.10"]
[SourceQuality "1"]

1. e4 c6 2. Nc3 d5 3. Nf3 dxe4 4. Nxe4 Nf6 5. Qe2 Nxe4 6. Qxe4 Qd5 7. Qf4 Qe6+ 8. Be2 Qf5 9. Qe3 Qxc2 10. Bd3 Qa4 11. b3 Qg4 12. Bb2 Qe6 13. 0-0 Qxe3 14. fxe3 f6 15. Bc2 Nd7 16. d4 e6 17. e4 Be7 18. d5 cxd5 19. exd5 e5 20. Rfd1 Bc5+ 21. Kh1 0-0 22. Rac1 Be3 23. Rb1 Nb6 24. d6 Be6 25. Be4 Rab8 26. Rd3 Bh6 27. Rdd1 f5 28. Bd3 e4 29. Nd4 Bd7 30. Bb5 Rbd8 31. Bxd7 Rxd7 32. Ne6 Rc8 33. Ba3 Be3 34. Re1 Bd2 35. Re2 e3 36. Rf1 Nd5 37. Bb2 Rxd6 38. Nxg7 Nc3 39. Bxc3 Rxc3 40. Nxf5 Re6 41. g4 Re4 42. h3 b5 43. Kg2 b4 44. Kf3 Re6 45. Kf4 a5 46. Kg5 Rc5 47. Kf4 Rce5 48. Rf3 Re4+ 49. Kg3 R4e5 50. h4 Re4 51. h5 h6 52. Nh4 R6e5 53. Ng6 Rg5 54. Rf4 Rxf4 55. Kxf4 Rc5 56. Ne5 Rc2 57. g5 Rxa2 58. gxh6 Kh7 59. Nf7 a4 60. bxa4 b3 61. Rg2 Bc3 62. Rg6 b2 63. Ng5+ Kh8 64. h7 Bg7 65. h6 Bxh6 66. Rg8# 1-0

[Event "Titled Tuesday intern op 04th Oct Late"]
[Site "Chess.com INT"]
[Date "2022.10.04"]
[Round "2"]
[White "Nepomniachtchi, Ian"]
[Black "Szabo, Marton Mihaly"]
[Result "1-0"]
[WhiteElo "2793"]
[BlackElo "2268"]
[PlyCount "81"]
[EventDate "2022.10.04"]
[EventType "swiss (blitz)"]
[EventRounds "11"]
[EventCountry "USA"]
[SourceTitle "EXT 2023"]
[Source "ChessBase"]
[SourceDate "2022.10.05"]
[SourceVersion "1"]
[SourceVersionDate "2022.10.05"]
[SourceQuality "1"]

1. d4 Nf6 2. c4 e6 3. Nf3 b6 4. g3 Bb7 5. Bg2 Be7 6. 0-0 0-0 7. Nc3 Ne4 8. Bd2 Nxd2 9. Qxd2 d6 10. e4 Nd7 11. h4 e5 12. Nd5 Bf6 13. Rfd1 Re8 14. Rac1 a5 15. b3 exd4 16. Nxd4 Nc5 17. Re1 g6 18. Nb5 Bxd5 19. cxd5 Qd7 20. Nd4 Bxd4 21. Qxd4 Re7 22. Re3 Rae8 23. Rce1 Qb5 24. h5 Qb4 25. Qf6 Nd7 26. Qh4 Qd4 27. h6 Nc5 28. a3 a4 29. b4 Nd7 30. Bf3 Qf6 31. Qh3 Ne5 32. Be2 Nd7 33. Bb5 Rd8 34. Kg2 Qd4 35. Qh4 Qf6 36. Qh3 Qd4 37. Rc1 Nf6 38. Rc4 Qb2 39. Qh4 Rf8 40. Rcc3 Qa1 41. Qxf6 1-0

[Event "Titled Tuesday intern op 04th Oct Late"]
[Site "Chess.com INT"]
[Date "2022.10.04"]
[Round "5"]
[White "Szabo, Marton Mihaly"]
[Black "Rosenberg, Evan"]
[Result "0-1"]
[WhiteElo "2268"]
[BlackElo "1972"]
[PlyCount "118"]
[EventDate "2022.10.04"]
[EventType "swiss (blitz)"]
[EventRounds "11"]
[EventCountry "USA"]
[SourceTitle "EXT 2023"]
[Source "ChessBase"]
[SourceDate "2022.10.05"]
[SourceVersion "1"]
[SourceVersionDate "2022.10.05"]
[SourceQuality "1"]

1. e4 e5 2. Nf3 Nc6 3. Nc3 Nf6 4. a3 d5 5. exd5 Nxd5 6. Bb5 Nxc3 7. bxc3 Bd6 8. d4 0-0 9. 0-0 Bg4 10. h3 Bxf3 11. Qxf3 exd4 12. Bxc6 bxc6 13. cxd4 c5 14. d5 Rb8 15. Be3 Re8 16. Rab1 Qe7 17. c4 Rb6 18. Rfe1 Qe5 19. g3 Rxb1 20. Rxb1 h6 21. Bf4 Qf5 22. Rb3 Qxh3 23. Be3 Re5 24. Rb8+ Kh7 25. Qxf7 Rf5 26. Qg8+ Kg6 27. Qe6+ Kh7 28. Qg8+ Kg6 29. Qe8+ Kh7 30. Qe4 Kg6 31. Re8 Bxg3 32. Re6+ Kf7 33. Qg2 Qxg2+ 34. Kxg2 Bd6 35. Re4 Re5 36. Rf4+ Kg6 37. Rg4+ Kf7 38. Kf3 Rf5+ 39. Ke2 h5 40. Rg1 h4 41. Rh1 g5 42. f3 Kg6 43. Rh3 Kh5 44. Kd3 g4 45. fxg4+ Kxg4 46. Rh1 h3 47. Ke4 Re5+ 48. Kd3 Re8 49. Rg1+ Kf3 50. Rf1+ Kg2 51. Rg1+ Kf3 52. Rf1+ Kg2 53. Rg1+ Kh2 54. Rg6 Kh1 55. Rh6 h2 56. Rg6 Rxe3+ 57. Kxe3 Be5 58. Kf3 Bd4 59. Rg8 Bg1 0-1

[Event "Titled Tuesday intern op 04th Oct Late"]
[Site "Chess.com INT"]
[Date "2022.10.04"]
[Round "4"]
[White "Zochowski, Kacper"]
[Black "Szabo, Marton Mihaly"]
[Result "0-1"]
[WhiteElo "2256"]
[BlackElo "2268"]
[PlyCount "118"]
[EventDate "2022.10.04"]
[EventType "swiss (blitz)"]
[EventRounds "11"]
[EventCountry "USA"]
[SourceTitle "EXT 2023"]
[Source "ChessBase"]
[SourceDate "2022.10.05"]
[SourceVersion "1"]
[SourceVersionDate "2022.10.05"]
[SourceQuality "1"]

1. Nf3 c5 2. c4 Nc6 3. b3 e5 4. Bb2 d6 5. d3 g6 6. g3 Bg7 7. Nc3 Nge7 8. Bg2 0-0 9. 0-0 Rb8 10. Ne1 a6 11. Nc2 Be6 12. Ne3 b5 13. Ncd5 f5 14. Nxe7+ Nxe7 15. Nd5 f4 16. gxf4 exf4 17. Bxg7 Kxg7 18. Nxe7 Qxe7 19. cxb5 Rxb5 20. d4 Bg4 21. dxc5 Rxc5 22. Qd4+ Kh6 23. Rfe1 Rg5 24. Kh1 Rh5 25. f3 Qh4 26. Qg1 Bd7 27. Rad1 d5 28. Rd4 Rff5 29. e3 Qf6 30. Rxf4 Rxf4 31. exf4 Qxf4 32. Qe3 Rxh2+ 33. Kg1 Qxe3+ 34. Rxe3 Rh4 35. Rd3 d4 36. Kf2 Bf5 37. Rd1 Kg5 38. Kg3 d3 39. Bf1 Rd4 40. Rd2 h5 41. a3 h4+ 42. Kf2 Kf4 43. b4 g5 44. Bg2 a5 45. bxa5 Ra4 46. Bf1 Rxa3 47. a6 Rxa6 48. Bxd3 Rd6 49. Rb2 Rxd3 50. Rb4+ Ke5 51. Rb5+ Rd5 52. Rb2 Rc5 53. Kg1 Rc1+ 54. Kh2 Rc2+ 55. Kh1 Rxb2 56. f4+ Kxf4 57. Kg1 Kf3 58. Kh1 Kg3 59. Kg1 Rb1# 0-1

[Event "Titled Tuesday intern op 10th May Late"]
[Site "Chess.com INT"]
[Date "2022.05.10"]
[Round "4"]
[White "Jegorovas, Aleksandras"]
[Black "Szabo, Marton Mihaly"]
[Result "0-1"]
[WhiteElo "2270"]
[BlackElo "2309"]
[PlyCount "60"]
[EventDate "2022.05.10"]
[EventType "swiss (blitz)"]
[EventRounds "11"]
[EventCountry "USA"]
[SourceTitle "CBM 208 Extra"]
[Source "ChessBase"]
[SourceDate "2022.07.31"]
[SourceVersion "1"]
[SourceVersionDate "2022.07.31"]
[SourceQuality "1"]

1. Nf3 c5 2. c4 Nc6 3. Nc3 Nf6 4. e3 g6 5. d4 cxd4 6. exd4 d5 7. cxd5 Nxd5 8. Qb3 e6 9. Bb5 Bg7 10. 0-0 0-0 11. Bxc6 bxc6 12. Re1 Ba6 13. Ne4 Nb6 14. Bg5 Qd5 15. Qc2 Nd7 16. b3 c5 17. Nxc5 Nxc5 18. dxc5 Bxa1 19. Rxa1 f6 20. Be3 e5 21. Rd1 Qf7 22. c6 Rac8 23. Qe4 Be2 24. Rc1 Bxf3 25. gxf3 Rfd8 26. Qa4 Rc7 27. b4 Qd5 28. b5 Rb8 29. Bxa7 Rxb5 30. Be3 Kf7 0-1

[Event "Titled Tuesday intern op 10th May Late"]
[Site "Chess.com INT"]
[Date "2022.05.10"]
[Round "3"]
[White "Szabo, Marton Mihaly"]
[Black "Stremavicius, Titas"]
[Result "0-1"]
[WhiteElo "2309"]
[BlackElo "2508"]
[PlyCount "124"]
[EventDate "2022.05.10"]
[EventType "swiss (blitz)"]
[EventRounds "11"]
[EventCountry "USA"]
[SourceTitle "CBM 208 Extra"]
[Source "ChessBase"]
[SourceDate "2022.07.31"]
[SourceVersion "1"]
[SourceVersionDate "2022.07.31"]
[SourceQuality "1"]

1. e4 c5 2. c4 Nc6 3. Nc3 g6 4. g3 Bg7 5. Bg2 e6 6. Nge2 a6 7. 0-0 Nge7 8. d3 0-0 9. Rb1 b5 10. b3 b4 11. Na4 d6 12. Be3 e5 13. Qd2 Rb8 14. Bh6 f5 15. Bxg7 Kxg7 16. f4 Nd4 17. Nxd4 exd4 18. e5 dxe5 19. fxe5 Qc7 20. Rbe1 Bd7 21. e6 Bxa4 22. bxa4 Qd6 23. Qf4 Rb6 24. Re5 a5 25. h4 h6 26. g4 Qb8 27. Rxc5 Qxf4 28. Rxf4 Rxe6 29. Rxd4 Re1+ 30. Kh2 fxg4 31. Rxg4 Rf2 32. Re4 Rxe4 33. dxe4 Rxa2 34. Rxa5 Nc6 35. Rb5 Rxa4 36. e5 Ra2 37. Kg3 Nd4 38. Rb7+ Kf8 39. Rxb4 Ne2+ 40. Kf2 Nf4+ 41. Kf3 Nxg2 42. Rb6 Nxh4+ 43. Kg4 Rh2 44. Rb8+ Ke7 45. Rb6 Kf7 46. Rf6+ Kg7 47. c5 Nf5 48. Ra6 h5+ 49. Kf4 Rc2 50. Ra7+ Kh6 51. e6 Rxc5 52. e7 Rc8 53. Ke5 Re8 54. Kf6 Rxe7 55. Ra8 Rh7 56. Rg8 Ne7 57. Ra8 Nd5+ 58. Ke5 Nb6 59. Ra1 Rf7 60. Ke6 Rf2 61. Rb1 Nc4 62. Rb8 h4 0-1

[Event "HUN-ch Rapid"]
[Site "Ajka"]
[Date "2021.07.17"]
[Round "7"]
[White "Zentai, Peter1111"]
[Black "Szabo, Marton Mihaly"]
[Result "1-0"]
[WhiteElo "2284"]
[BlackElo "2294"]
[PlyCount "109"]
[EventDate "2021.07.16"]
[EventType "swiss (rapid)"]
[EventRounds "13"]
[EventCountry "HUN"]
[SourceTitle "CBM 203 Extra"]
[Source "ChessBase"]
[SourceDate "2021.09.30"]
[SourceVersion "1"]
[SourceVersionDate "2021.09.30"]
[SourceQuality "1"]

1. d4 Nf6 2. c4 e6 3. Nc3 Bb4 4. Qc2 b6 5. a3 Bxc3+ 6. Qxc3 Bb7 7. Bg5 h6 8. Bh4 d5 9. cxd5 Bxd5 10. f3 Bb7 11. e3 0-0 12. Bd3 Nbd7 13. Ne2 c5 14. Bg3 cxd4 15. Qxd4 e5 16. Qb4 Nc5 17. Bc4 e4 18. Rd1 Qc8 19. 0-0 Re8 20. f4 Nd3 21. Qb3 Re7 22. Bh4 Qg4 23. Bxf6 gxf6 24. Ng3 Nc5 25. Qc3 Nd7 26. Rd6 Rc8 27. Be2 Rxc3 28. Bxg4 Rc7 29. Nf5 Kf8 30. Nxe7 Kxe7 31. Rxd7+ Rxd7 32. Bxd7 Kxd7 33. Rd1+ Ke6 34. Kf2 Ba6 35. Rd4 Bd3 36. Kg3 f5 37. Kh4 Be2 38. Rd8 a5 39. Rb8 b5 40. Rb6+ Kd5 41. Kg3 Kc4 42. Kf2 Bd3 43. Rxh6 Kb3 44. Rb6 Kxb2 45. h4 Kxa3 46. h5 b4 47. h6 b3 48. h7 a4 49. h8Q Ka2 50. Qc3 Bc2 51. Ke1 f6 52. Kd2 a3 53. Kc1 Bd1 54. Kxd1 b2 55. Qb3+ 1-0

[Event "Oberliga Bayern 1920"]
[Site "Bayern"]
[Date "2019.12.08"]
[Round "4.4"]
[White "Fischer, Johannes"]
[Black "Szabo, Marton Mihaly"]
[Result "0-1"]
[WhiteElo "2190"]
[BlackElo "2237"]
[PlyCount "208"]
[EventDate "2019.10.20"]
[EventType "team-tourn"]
[EventRounds "9"]
[EventCountry "GER"]
[SourceTitle "EXT 2021"]
[Source "ChessBase"]
[SourceDate "2020.10.23"]
[SourceVersion "1"]
[SourceVersionDate "2020.10.23"]
[SourceQuality "1"]
[WhiteTeam "Nuernberg Sued SW"]
[BlackTeam "Weilheim"]
[WhiteTeamCountry "GER"]
[BlackTeamCountry "GER"]

1. e4 c5 2. Nf3 a6 3. c3 e6 4. d3 Nc6 5. Nbd2 d6 6. Be2 g6 7. h4 h6 8. Nf1 Bg7 9. Be3 Nge7 10. Qd2 b6 11. Ng3 d5 12. d4 dxe4 13. Nxe4 cxd4 14. cxd4 Nd5 15. Ne5 Nce7 16. Nc4 Kf8 17. Bf4 Nxf4 18. Qxf4 Nd5 19. Qg3 Ne7 20. Ned6 Nf5 21. Nxf5 gxf5 22. Rd1 Bb7 23. Bf3 Bxf3 24. Qxf3 b5 25. Ne5 Bxe5 26. dxe5 Qa5+ 27. Kf1 Rd8 28. Rd6 Rxd6 29. exd6 Qd2 30. Kg1 Qxd6 31. Rh3 Ke7 32. Qe3 f4 33. Qe4 Rd8 34. Rc3 Qd1+ 35. Kh2 Qg4 36. Rh3 Rg8 37. Ra3 Qxh4+ 38. Kg1 Rd8 39. Qc2 Qh5 40. Rf3 Qe5 41. a4 Rd4 42. axb5 axb5 43. Rc3 Qe1+ 44. Kh2 Rd1 45. Rc7+ Kf6 46. Qc3+ Qxc3 47. bxc3 Rc1 48. Rb7 Rxc3 49. Rxb5 Rc2 50. f3 Rd2 51. Kh3 Rd5 52. Rb4 Rh5+ 53. Kg4 Rg5+ 54. Kxf4 Rxg2 55. Rb8 Ra2 56. Rb5 Ra4+ 57. Kg3 Kg6 58. Rc5 h5 59. Rc8 Kf5 60. Rc5+ e5 61. Rc3 Kg5 62. Rb3 f6 63. Rc3 Ra2 64. f4+ exf4+ 65. Kf3 Ra5 66. Rc8 Ra3+ 67. Kf2 h4 68. Rg8+ Kf5 69. Rh8 h3 70. Rh7 Kg5 71. Rg7+ Kh6 72. Rg8 Rb3 73. Rh8+ Kg7 74. Rh4 Kg6 75. Rh8 Rc3 76. Rg8+ Kf5 77. Rh8 Rc2+ 78. Kf3 Rc1 79. Rh5+ Kg6 80. Rh8 Kg5 81. Rg8+ Kf5 82. Rh8 Rf1+ 83. Ke2 Rh1 84. Kf2 Kg5 85. Rg8+ Kh4 86. Rh8+ Kg4 87. Rg8+ Kf5 88. Rh8 h2 89. Rh7 Ra1 90. Rxh2 Ra2+ 91. Kf3 Ra3+ 92. Kf2 Ke4 93. Rh8 Ra2+ 94. Kf1 Ke3 95. Re8+ Kf3 96. Kg1 Ra1+ 97. Kh2 Kf2 98. Rb8 Re1 99. Rb2+ Re2 100. Rb1 f3 101. Ra1 Rd2 102. Rb1 f5 103. Ra1 f4 104. Rb1 Ke2 0-1

[Event "Oberliga Bayern 1920"]
[Site "Bayern"]
[Date "2019.11.24"]
[Round "3.3"]
[White "Huch, Reiner"]
[Black "Szabo, Marton Mihaly"]
[Result "1/2-1/2"]
[WhiteElo "2265"]
[BlackElo "2237"]
[PlyCount "81"]
[EventDate "2019.10.20"]
[EventType "team-tourn"]
[EventRounds "9"]
[EventCountry "GER"]
[SourceTitle "EXT 2021"]
[Source "ChessBase"]
[SourceDate "2020.10.23"]
[SourceVersion "1"]
[SourceVersionDate "2020.10.23"]
[SourceQuality "1"]
[WhiteTeam "Trostberg"]
[BlackTeam "Weilheim"]
[WhiteTeamCountry "GER"]
[BlackTeamCountry "GER"]

1. d4 Nf6 2. c4 e6 3. Nf3 b6 4. Bf4 Bb7 5. e3 Bb4+ 6. Nfd2 0-0 7. a3 Bxd2+ 8. Qxd2 d6 9. Nc3 Nbd7 10. d5 Nh5 11. Be2 Nxf4 12. exf4 exd5 13. cxd5 Nf6 14. 0-0 g6 15. Rfc1 Qd7 16. Bf3 Rfe8 17. Ne2 Rac8 18. Ng3 c5 19. dxc6 Bxc6 20. Bxc6 Rxc6 21. Rxc6 Qxc6 22. Rc1 Qd7 23. Qd4 b5 24. h3 d5 25. Rd1 a6 26. Qd3 Qc7 27. Qd2 Qd7 28. Nf1 Rd8 29. Qd4 Re8 30. Ne3 Re4 31. Qd2 Rxf4 32. Nxd5 Qxd5 33. Qxd5 Nxd5 34. Rxd5 b4 35. Ra5 bxa3 36. bxa3 Rf6 37. Rd5 Rc6 38. Rd8+ Kg7 39. Ra8 h5 40. h4 g5 41. g3 1/2-1/2

[Event "Oberliga Bayern 1920"]
[Site "Bayern"]
[Date "2019.10.20"]
[Round "1.4"]
[White "Wittmann, Matthias"]
[Black "Szabo, Marton Mihaly"]
[Result "1-0"]
[WhiteElo "2106"]
[BlackElo "2237"]
[PlyCount "97"]
[EventDate "2019.10.20"]
[EventType "team-tourn"]
[EventRounds "9"]
[EventCountry "GER"]
[SourceTitle "EXT 2022"]
[Source "ChessBase"]
[SourceDate "2021.10.06"]
[SourceVersion "1"]
[SourceVersionDate "2021.10.06"]
[SourceQuality "1"]
[WhiteTeam "Pang/Rosenheim"]
[BlackTeam "Weilheim"]
[WhiteTeamCountry "GER"]
[BlackTeamCountry "GER"]

1. e4 c5 2. d4 cxd4 3. c3 dxc3 4. Nxc3 Nc6 5. Nf3 e6 6. Bc4 Qc7 7. 0-0 Nf6 8. Nb5 Qb8 9. e5 a6 10. exf6 axb5 11. fxg7 Bxg7 12. Bxb5 d5 13. Re1 Qd6 14. Ng5 h6 15. Ne4 Qd8 16. Ng3 0-0 17. Nh5 f5 18. Nxg7 Kxg7 19. Bxc6 bxc6 20. Bf4 Kh7 21. Qd4 Qf6 22. Be5 Qf7 23. Rac1 Bd7 24. a3 Rg8 25. Rc3 Rg4 26. Qb6 Rag8 27. g3 Rc8 28. b4 Rgg8 29. a4 Ra8 30. a5 Rgc8 31. Rec1 Qe8 32. Qb7 Kg6 33. a6 Qf7 34. b5 d4 35. Rc4 d3 36. bxc6 Be8 37. Rd1 Rd8 38. c7 Rdc8 39. Rxd3 Qe7 40. Rd6 Kf7 41. h4 Kg6 42. Rb6 Bd7 43. Qf3 h5 44. Qc3 Ra7 45. Qa5 Rca8 46. Qd2 Bc8 47. Qd8 Kf7 48. Qh8 Rxa6 49. Rxa6 1-0

[Event "Balatonalmadi Pannonia Cup 27th"]
[Site "Balatonalmadi"]
[Date "2019.07.27"]
[Round "5"]
[White "Buzas, Bertalan"]
[Black "Szabo, Marton Mihaly"]
[Result "1-0"]
[WhiteElo "2211"]
[BlackElo "2309"]
[PlyCount "111"]
[EventDate "2019.07.24"]
[EventType "swiss"]
[EventRounds "7"]
[EventCountry "HUN"]
[SourceTitle "CBM 191 Extra"]
[Source "ChessBase"]
[SourceDate "2019.09.30"]
[SourceVersion "1"]
[SourceVersionDate "2019.09.30"]
[SourceQuality "1"]

1. d4 e6 2. c4 b6 3. a3 Bb7 4. Nc3 f5 5. Nf3 Nf6 6. d5 Be7 7. g3 Na6 8. Bg2 Nc5 9. 0-0 Nce4 10. Nd4 Qc8 11. Nxe4 Nxe4 12. Qc2 Nf6 13. Bg5 Kf7 14. e4 fxe4 15. dxe6+ Kf8 16. Bh3 d5 17. Bxf6 gxf6 18. Qd2 h6 19. Qf4 dxc4 20. Rad1 Bd5 21. Nb5 c6 22. Nc7 Qd8 23. Nxa8 Qxa8 24. Bf5 Qc8 25. Rfe1 b5 26. Bxe4 Bxe6 27. Qe3 Qc7 28. Bxc6 Qxc6 29. Qxe6 Qxe6 30. Rxe6 Kf7 31. Ra6 Bc5 32. Rc6 Bb6 33. Rdd6 Ke7 34. Rxb6 axb6 35. Rxb6 Rc8 36. Rxb5 c3 37. bxc3 Rxc3 38. a4 Ra3 39. a5 Kf7 40. h4 Ke6 41. Kg2 Ra2 42. Kf3 f5 43. Rb6+ Ke5 44. a6 Ra3+ 45. Kg2 h5 46. Rh6 Ke4 47. Rxh5 Rxa6 48. f3+ Ke3 49. Rxf5 Ra2+ 50. Kh3 Kf2 51. Kg4 Ra4+ 52. Kg5 Kxg3 53. h5 Ra8 54. h6 Rg8+ 55. Kh5 Kh3 56. h7 1-0

[Event "Balatonalmadi Pannonia Cup 27th"]
[Site "Balatonalmadi"]
[Date "2019.07.26"]
[Round "4"]
[White "Szabo, Marton Mihaly"]
[Black "Zentai, Peter1111"]
[Result "0-1"]
[WhiteElo "2309"]
[BlackElo "2301"]
[PlyCount "80"]
[EventDate "2019.07.24"]
[EventType "swiss"]
[EventRounds "7"]
[EventCountry "HUN"]
[SourceTitle "CBM 191 Extra"]
[Source "ChessBase"]
[SourceDate "2019.09.30"]
[SourceVersion "1"]
[SourceVersionDate "2019.09.30"]
[SourceQuality "1"]

1. b3 d5 2. Bb2 c5 3. e3 Nc6 4. Bb5 Bd7 5. Nf3 e6 6. 0-0 Nf6 7. Bxc6 Bxc6 8. Ne5 Rc8 9. d3 Be7 10. Nd2 0-0 11. Nxc6 Rxc6 12. Qe2 Nd7 13. e4 Bf6 14. e5 Be7 15. f4 b5 16. c4 bxc4 17. dxc4 d4 18. Rf3 Qc7 19. Rh3 g6 20. Re1 Re8 21. Qd3 Ra6 22. a3 Rb6 23. g4 Bf8 24. Qg3 f5 25. gxf5 exf5 26. Qg2 Qc6 27. Qd5+ Qxd5 28. cxd5 Rd6 29. b4 Rxd5 30. b5 Nb6 31. Rc1 Rc8 32. Kf1 c4 33. Ke2 c3 34. Bxc3 Bxa3 35. Rc2 dxc3 36. Nb1 Bb4 37. e6 Rxb5 38. Re3 Nd5 39. Rf3 Re8 40. Kd3 Rxe6 0-1

[Event "Wch U18"]
[Site "Porto Carras"]
[Date "2018.10.24"]
[Round "6"]
[White "Szabo, Marton Mihaly"]
[Black "Veleshnja, Zino"]
[Result "1/2-1/2"]
[WhiteElo "2307"]
[BlackElo "2155"]
[PlyCount "88"]
[EventDate "2018.10.20"]
[EventType "swiss"]
[EventRounds "11"]
[EventCountry "GRE"]
[SourceTitle "CBM 187 Extra"]
[Source "ChessBase"]
[SourceDate "2018.11.04"]
[SourceVersion "1"]
[SourceVersionDate "2018.11.04"]
[SourceQuality "1"]

1. e4 c5 2. Nf3 d6 3. Bb5+ Nd7 4. 0-0 a6 5. Bd3 Ngf6 6. Re1 e6 7. c3 b5 8. Bc2 c4 9. a4 Bb7 10. d4 Be7 11. axb5 axb5 12. Rxa8 Qxa8 13. Na3 Bxe4 14. Bxe4 Nxe4 15. Nxb5 Qb7 16. Na3 d5 17. Nb1 0-0 18. Nbd2 Nef6 19. Qe2 Nb6 20. Ne5 Na4 21. Ndf3 Nd7 22. Nxd7 Qxd7 23. Ne5 Qb7 24. h3 Bd6 25. Ng4 Rb8 26. Qf3 Qe7 27. Re2 f5 28. Ne3 Qg5 29. g3 Rf8 30. h4 Qg6 31. Nxd5 f4 32. Bxf4 Qf5 33. Ne3 Qb1+ 34. Kg2 Bxf4 35. gxf4 Nxb2 36. f5 Nd3 37. Kh2 Qb3 38. Qe4 exf5 39. Nxf5 Qb8+ 40. Kg1 Qb1+ 41. Kh2 Qb8+ 42. Kg1 Qb1+ 43. Kh2 Qb8+ 44. Kg1 Qb1+ 1/2-1/2

[Event "Innsbruck op-A 2nd"]
[Site "Innsbruck"]
[Date "2018.08.30"]
[Round "7"]
[White "Szabo, Marton Mihaly"]
[Black "Kilgus, Georg"]
[Result "1/2-1/2"]
[WhiteElo "2309"]
[BlackElo "2415"]
[PlyCount "38"]
[EventDate "2018.08.24"]
[EventType "swiss"]
[EventRounds "9"]
[EventCountry "AUT"]
[SourceTitle "CBM 186 Extra"]
[Source "ChessBase"]
[SourceDate "2018.08.24"]
[SourceVersion "1"]
[SourceVersionDate "2018.08.24"]
[SourceQuality "1"]

1. e4 c6 2. Nc3 d5 3. Nf3 g6 4. d4 Bg7 5. h3 dxe4 6. Nxe4 Nf6 7. Nxf6+ exf6 8. Bd3 0-0 9. 0-0 Re8 10. c3 a5 11. Bf4 Na6 12. Re1 Rxe1+ 13. Qxe1 Nc7 14. Qd2 a4 15. a3 Nd5 16. Bh6 f5 17. Re1 Be6 18. Bxg7 Kxg7 19. Bc4 Qd6 1/2-1/2

[Event "EU-chT U18"]
[Site "Bad Blankenburg"]
[Date "2018.07.18"]
[Round "7.2"]
[White "Szabo, Marton Mihaly"]
[Black "Miesbauer, Jan"]
[Result "0-1"]
[WhiteElo "2371"]
[BlackElo "2282"]
[PlyCount "110"]
[EventDate "2018.07.12"]
[EventType "team-swiss"]
[EventRounds "7"]
[EventCountry "GER"]
[SourceTitle "EXT 2019"]
[Source "ChessBase"]
[SourceDate "2018.10.10"]
[SourceVersion "1"]
[SourceVersionDate "2018.10.10"]
[SourceQuality "1"]
[WhiteTeam "Hungary U18"]
[BlackTeam "Czech Republic U18"]
[WhiteTeamCountry "HUN"]
[BlackTeamCountry "CZE"]

1. e4 e6 2. d4 d5 3. Bd3 c5 4. exd5 exd5 5. Nf3 c4 6. Be2 Bd6 7. b3 cxb3 8. axb3 Nc6 9. 0-0 Nge7 10. c4 0-0 11. Nc3 Bg4 12. c5 Bc7 13. h3 Bh5 14. Ra4 Ba5 15. Bd2 a6 16. Ne5 Bxe2 17. Nxe2 Bc7 18. Nxc6 Nxc6 19. Bf4 Re8 20. Bxc7 Qxc7 21. Nc3 Qd7 22. Qf3 Rad8 23. Rd1 Re6 24. Raa1 Rf6 25. Qe3 Re8 26. Qd2 Qf5 27. Re1 Ree6 28. Rad1 h6 29. Rxe6 fxe6 30. f3 Rg6 31. Kf1 Kf7 32. Re1 Ke7 33. Ne2 Kd7 34. Nc3 Qf6 35. Ne2 Qh4 36. Qe3 Qg5 37. Qxg5 Rxg5 38. Kf2 Rf5 39. Rd1 Rf8 40. Ke3 b6 41. cxb6 Rb8 42. Kd3 Rxb6 43. Kc3 Kd6 44. f4 Rb8 45. Ra1 a5 46. Nc1 Rc8 47. Nd3 g5 48. fxg5 hxg5 49. Re1 Nb4+ 50. Nc5 e5 51. Kd2 exd4 52. Ne6 Rc2+ 53. Kd1 d3 54. Nxg5 Na2 55. Re6+ Kd7 0-1

[Event "HUN-ch U18"]
[Site "Balatonlelle"]
[Date "2018.06.28"]
[Round "9"]
[White "Szabo, Marton Mihaly"]
[Black "Marosi, Levente"]
[Result "1-0"]
[WhiteElo "2317"]
[BlackElo "2281"]
[PlyCount "99"]
[EventDate "2018.06.21"]
[EventType "swiss"]
[EventRounds "9"]
[EventCountry "HUN"]
[SourceTitle "EXT 2019"]
[Source "ChessBase"]
[SourceDate "2018.10.10"]
[SourceVersion "1"]
[SourceVersionDate "2018.10.10"]
[SourceQuality "1"]

1. e4 c5 2. Nf3 Nc6 3. Bb5 d6 4. 0-0 Bd7 5. Re1 Nf6 6. c3 a6 7. Bc4 Bg4 8. d4 e6 9. d5 Ne5 10. Be2 Nxf3+ 11. Bxf3 Bxf3 12. Qxf3 e5 13. Bg5 Be7 14. Bxf6 Bxf6 15. a4 0-0 16. Na3 Bg5 17. Nc4 b6 18. Qd3 Qc7 19. Qg3 Bh6 20. Qg4 g6 21. Qh4 Kg7 22. Rad1 b5 23. Na3 Rab8 24. Rd3 Qd8 25. Qxd8 Rfxd8 26. axb5 axb5 27. c4 bxc4 28. Nxc4 Rb4 29. b3 Bg5 30. g3 f5 31. f3 fxe4 32. fxe4 Rd7 33. Ra1 Rdb7 34. Nxd6 Rxb3 35. Rxb3 Rxb3 36. Ra7+ Kg8 37. Ra8+ Kg7 38. Ra7+ Kg8 39. Kg2 Rd3 40. Nf7 Bf6 41. Nh6+ Kh8 42. Ng4 Rd2+ 43. Kf1 Bg5 44. Nxe5 Be3 45. Nc4 Rf2+ 46. Ke1 Bd4 47. d6 Rc2 48. d7 Bf6 49. Ra6 Rc1+ 50. Ke2 1-0

[Event "HUN-ch U18"]
[Site "Balatonlelle"]
[Date "2018.06.24"]
[Round "4"]
[White "Ugroczky, Peter"]
[Black "Szabo, Marton Mihaly"]
[Result "1/2-1/2"]
[WhiteElo "2204"]
[BlackElo "2317"]
[PlyCount "167"]
[EventDate "2018.06.21"]
[EventType "swiss"]
[EventRounds "9"]
[EventCountry "HUN"]
[SourceTitle "EXT 2019"]
[Source "ChessBase"]
[SourceDate "2018.10.10"]
[SourceVersion "1"]
[SourceVersionDate "2018.10.10"]
[SourceQuality "1"]

1. e4 e5 2. Nf3 Nc6 3. Bc4 Bc5 4. c3 Nf6 5. d3 0-0 6. 0-0 d6 7. h3 a5 8. a4 h6 9. Qe2 Be6 10. Na3 Re8 11. Bxe6 Rxe6 12. Nh4 Re8 13. Nc2 Nh7 14. Nf5 Ne7 15. Nce3 Bxe3 16. Nxe7+ Qxe7 17. Bxe3 Nf8 18. f4 exf4 19. Rxf4 Ng6 20. Rf5 Rf8 21. b4 Ne5 22. d4 Ng6 23. Bd2 axb4 24. cxb4 Rae8 25. Re1 Qd7 26. a5 c6 27. Qd3 Re7 28. b5 Rfe8 29. b6 Nf8 30. Rf3 Qc8 31. Rg3 Kh8 32. Qf3 Ng6 33. Bb4 c5 34. dxc5 dxc5 35. Bc3 Qc6 36. h4 Kg8 37. h5 Ne5 38. Qf4 c4 39. Rf1 Qc5+ 40. Kh1 Qd6 41. Rb1 Re6 42. Qe3 Qd8 43. a6 bxa6 44. b7 Qc7 45. Qa7 Qb8 46. Bd4 Qxa7 47. Bxa7 Nc6 48. b8Q Nxb8 49. Rxb8 Rxb8 50. Bxb8 Rxe4 51. Rh3 Kh7 52. Kg1 g6 53. Ra3 Re6 54. hxg6+ fxg6 55. Rc3 Rc6 56. Kf2 g5 57. Ke3 Kg6 58. Kd4 Kf5 59. Kd5 Rc8 60. Rf3+ Kg6 61. Be5 g4 62. Rf6+ Kg5 63. Rxa6 c3 64. Ra1 c2 65. Rc1 h5 66. Ke4 h4 67. Bf4+ Kf6 68. Be5+ Kg5 69. Bf4+ Kf6 70. Bd2 Kg6 71. Kf4 Rc4+ 72. Ke3 Kh5 73. Kd3 Rc5 74. Bc3 Rf5 75. Rxc2 h3 76. gxh3 gxh3 77. Ke4 Kg4 78. Be5 Rf1 79. Rh2 Re1+ 80. Kd4 Rxe5 81. Kxe5 Kg3 82. Rh1 h2 83. Ke4 Kg2 84. Ra1 1/2-1/2